| 000 | 00498pab a2200181 454500 | ||
|---|---|---|---|
| 008 | 180718b2008 xxu||||| |||| 00| 0 eng d | ||
| 100 | _aJorgenson, Dale W. | ||
| 245 | _aA retrospective look at the US productivity growth resurgence | ||
| 260 | _c2008 | ||
| 300 | _ap.3-24. | ||
| 362 | _aWinter | ||
| 650 | _aLabour productivity - United States | ||
| 650 | _aLabour productivity | ||
| 700 | _aStiroh, Kevin J. | ||
| 773 | _aJournal of Economic Perspectives | ||
| 908 | _aN | ||
| 909 | _a77616 | ||
| 999 |
_c77616 _d77616 |
||